India, the state of population 2007 / (Record no. 41654)
[ view plain ]
| 000 -LEADER | |
|---|---|
| fixed length control field | 01373cam a2200301 a 4500 |
| 005 - DATE AND TIME OF LATEST TRANSACTION | |
| control field | 20090422091149.0 |
| 010 ## - LCCN (DPL NO) | |
| LC control number | ENG-100054 |
| 020 ## - INTERNATIONAL STANDARD BOOK NUMBER | |
| International Standard Book Number | 9780195698558 |
| Terms of availability | 545.00 |
| 020 ## - INTERNATIONAL STANDARD BOOK NUMBER | |
| International Standard Book Number | 019569855X |
| Terms of availability | 545.00 |
| 035 ## - SYSTEM CONTROL NUMBER | |
| System control number | EN-83586 |
| 037 ## - SOURCE OF ACQUISITION | |
| Source of stock number/acquisition | DBAD/PUB |
| 082 ## - DEWEY DECIMAL CLASSIFICATION NUMBER | |
| Classification number | 363.90954 |
| 100 1# - MAIN ENTRY--PERSONAL NAME | |
| Personal name | Chaurasia, Alok Ranjan |
| 245 10 - TITLE STATEMENT | |
| Title | India, the state of population 2007 / |
| Statement of responsibility, etc | by Alok Ranjan Chaurasia [and] S.C. Gulati |
| 260 ## - PUBLICATION, DISTRIBUTION, ETC. (IMPRINT) | |
| Place of publication, distribution, etc | New Delhi |
| Name of publisher, distributor, etc | Oxford University Press |
| Date of publication, distribution, etc | 2008 |
| 270 ## - ADDRESS | |
| Address | YMCA Library Building, Jai Singh Road |
| City | New Delhi |
| Postal code | 110001 |
| 300 ## - PHYSICAL DESCRIPTION | |
| Extent | xxiii,228 p. : |
| Other physical details | ill., maps |
| Dimensions | 29cm (pbk) |
| 500 ## - GENERAL NOTE | |
| General note | "National Commission on Population, Ministry of Health and Family Welfare, Govt. of India; Institute of Economic Growth, Delhi." |
| 500 ## - GENERAL NOTE | |
| General note | Includes statistical tables. |
| 504 ## - BIBLIOGRAPHY, ETC. NOTE | |
| Bibliography, etc | Includes bibliographical references (p. [142]-149). |
| 700 1# - ADDED ENTRY--PERSONAL NAME | |
| Personal name | Gulati, S. C., |
| Dates associated with a name | 1945- |
| 9 (RLIN) | 12743 |
| 710 1# - ADDED ENTRY--CORPORATE NAME | |
| Corporate name or jurisdiction name as entry element | India. |
| Subordinate unit | National Commission on Population. |
| 9 (RLIN) | 12744 |
| 710 2# - ADDED ENTRY--CORPORATE NAME | |
| Corporate name or jurisdiction name as entry element | Institute of Economic Growth (India) |
| 9 (RLIN) | 12745 |
| 856 42 - ELECTRONIC LOCATION AND ACCESS | |
| Materials specified | Publisher description |
| Uniform Resource Identifier | http://www.loc.gov/catdir/enhancements/fy0907/2008331611-d.html |
| 942 ## - ADDED ENTRY ELEMENTS (KOHA) | |
| Source of classification or shelving scheme | Dewey Decimal Classification |
| Item type | English Books |
| Classification part | 363.90954 |
| Call number suffix | CHA |
| Withdrawn status | Lost status | Not for loan | Collection code | Home library | Current library | Date acquired | Source of acquisition | Cost, normal purchase price | Full call number | Barcode | Copy number | Cost, replacement price | Koha item type |
|---|---|---|---|---|---|---|---|---|---|---|---|---|---|
| Not For Loan | Non-fiction | D.B.Act.Division | D.B.Act.Division | 13/08/2010 | DBAD/PUB | 545.00 | 363.90954 CHA | EN-83586 | 1 | 545.00 | English Books |
